01446nam a22003737a 4500003000500000005001700005008004100022010001000063011001000073035001000083040000900093082002000102111009400122245003900216260002300255300001100278490003600289590004100325590004100366590004100407590004100448590004200489650002400531650003300555700003500588830004300623901000700666942001000673949005900683949006400742999001700806952012200823952012700945CHAP20220329140039.0971013s1953 r 10010 d a46182 a47154 a51296 cCHAP a636.08bR4 195200aReunión Interamericana de Producción Pecuaria (n2d: 1952c: Baurú, Brasil)996388 aInforme de la segunda reunión... aRoma :bFAO,c1953 a147 p. aFAO. Cuadernos de fomentov; 33 aBATCH-UPDb10c20130110lUCH01h0231 aBATCH-UPDb10c20130110lUCH01h1830 aBATCH-UPDb10c20130410lUCH01h1203 aBATCH-UPDb10c20130914lUCH01h1347 aCONVERSIONb10c20130109lUCH01h132514aGanadería.94460414aIndustrias pecuarias.9580220 aPhillips, Ralph W.eed.9878310 aFAO. Cuadernos de fomentov; 33939506 aBK cLIBRO a636.08 R4 1952bBCcBPAd-114830eBPAh14750i51296si a636.08 R4 1952bBCcBPAd-114831eBPAfc.2h31652i51296si c46182d46182 01104053708MDaBCbBCd2019-12-31fLIBROi127l0o636.08 R4 1952p-114830r2019-12-31 00:00:00w2019-12-31yLIBRO 01104053708MDaBCbBCd2019-12-31fLIBROi127l0o636.08 R4 1952p-114831r2019-12-31 00:00:00tc.2w2019-12-31yLIBRO